000 00320nam a22001457a 4500
008 210308b ||||| |||| 00| 0 eng d
020 _a9781416039662
041 _aeng
080 _22nd
_a616
082 _a616
100 _a9
101 _aPAT
245 _aModern Surgical Pathology
_cWeidner, N
942 _2udc
_cBK
999 _c55902
_d55902